[Event "POL-chT U19 2nd League"]
[Site "Iwonicz"]
[Date "2015.08.01"]
[Round "7.85"]
[White "Gladysz, Jakub"]
[Black "Brozyna, Mateusz"]
[Result "1/2-1/2"]
[WhiteElo "1783"]
[BlackElo "1783"]
[PlyCount "81"]
[EventDate "2015.07.25"]
[EventType "team-swiss"]
[EventRounds "11"]
[EventCountry "POL"]
[SourceTitle "EXT 2019"]
[Source "ChessBase"]
[SourceDate "2018.10.10"]
[SourceVersion "1"]
[SourceVersionDate "2018.10.10"]
[SourceQuality "1"]
[WhiteTeam "Brzozow UKS SP 1 U19"]
[BlackTeam "Myslenice MLKSz U19"]
[WhiteTeamCountry "POL"]
[BlackTeamCountry "POL"]

1. d4 e6 2. c4 f5 3. g3 Nf6 4. Bg2 Be7 5. e3 0-0 6. Qc2 d5 7. b3 c6 8. Nh3 Qe8 9. 0-0 h6 10. a4 Na6 11. Ba3 Bxa3 12. Rxa3 Nb4 13. Qe2 a5 14. Nd2 Ne4 15. Nf3 b6 16. Ne5 Ba6 17. Rc1 Rc8 18. Nf4 g5 19. Nfd3 Nxd3 20. Qxd3 Nf6 21. Qd2 Nd7 22. Nxd7 Qxd7 23. Ra2 Qd6 24. Rac2 c5 25. cxd5 cxd4 26. Rxc8 Rxc8 27. Rxc8+ Bxc8 28. Qxd4 e5 29. Qc4 Bb7 30. e4 fxe4 31. Bxe4 Kf7 32. Kg2 Qc5 33. Qxc5 bxc5 34. Kf3 Bc8 35. Ke3 Ke7 36. f4 exf4+ 37. gxf4 gxf4+ 38. Kxf4 Kd6 39. Ke3 Ke5 40. Bf3 Bf5 41. Be2 1/2-1/2

[Event "POL-chT U19 2nd League"]
[Site "Iwonicz"]
[Date "2015.08.01"]
[Round "1.79"]
[White "Gladysz, Jakub"]
[Black "Nun, Grzegorz"]
[Result "1/2-1/2"]
[WhiteElo "1783"]
[BlackElo "1975"]
[PlyCount "82"]
[EventDate "2015.07.25"]
[EventType "team-swiss"]
[EventRounds "11"]
[EventCountry "POL"]
[SourceTitle "EXT 2019"]
[Source "ChessBase"]
[SourceDate "2018.10.10"]
[SourceVersion "1"]
[SourceVersionDate "2018.10.10"]
[SourceQuality "1"]
[WhiteTeam "Brzozow UKS SP 1 U19"]
[BlackTeam "Kozuchow Odrodzenie U19"]
[WhiteTeamCountry "POL"]
[BlackTeamCountry "POL"]

1. d4 Nf6 2. c4 c5 3. d5 b5 4. cxb5 a6 5. bxa6 Bxa6 6. Nc3 d6 7. Nf3 g6 8. g3 Bg7 9. Bg2 0-0 10. 0-0 Nbd7 11. Re1 Qb6 12. Qc2 Rfb8 13. Rb1 Ne8 14. e4 Ne5 15. Nxe5 Bxe5 16. Be3 Qa5 17. Bf1 Bxf1 18. Rxf1 Nc7 19. f4 Bg7 20. f5 Nb5 21. Nxb5 Rxb5 22. fxg6 hxg6 23. Qf2 Rf8 24. b3 Qb4 25. Qf3 Qa3 26. Rf2 c4 27. Bg5 Bd4 28. Be3 Bg7 29. Bg5 Bd4 30. Bxe7 Qxa2 31. Rbf1 Rxb3 32. Qf4 Rb1 33. Bxf8 Bxf2+ 34. Qxf2 Qxf2+ 35. Kxf2 Rb2+ 36. Ke3 Kxf8 37. Rc1 Rxh2 38. Rxc4 Ke7 39. Rc6 Rb2 40. Ra6 Rg2 41. Kf4 Re2 1/2-1/2

[Event "POL-chT U19 2nd League"]
[Site "Iwonicz"]
[Date "2015.08.01"]
[Round "5.97"]
[White "Gladysz, Jakub"]
[Black "Szustakowski, Antoni"]
[Result "1-0"]
[WhiteElo "1783"]
[BlackElo "1983"]
[PlyCount "37"]
[EventDate "2015.07.25"]
[EventType "team-swiss"]
[EventRounds "11"]
[EventCountry "POL"]
[SourceTitle "EXT 2019"]
[Source "ChessBase"]
[SourceDate "2018.10.10"]
[SourceVersion "1"]
[SourceVersionDate "2018.10.10"]
[SourceQuality "1"]
[WhiteTeam "Brzozow UKS SP 1 U19"]
[BlackTeam "Zielonka Zieloni U19"]
[WhiteTeamCountry "POL"]
[BlackTeamCountry "POL"]

1. d4 d5 2. c4 e6 3. Nc3 Nf6 4. Bg5 Be7 5. e3 0-0 6. Nf3 h6 7. Bxf6 Bxf6 8. Qc2 dxc4 9. Bxc4 a6 10. 0-0 b5 11. Qe4 c6 12. Bd3 g6 13. Ne5 Bxe5 14. Qxe5 Nd7 15. Qd6 Bb7 16. Ne4 Re8 17. Qxd7 Qxd7 18. Nf6+ Kg7 19. Nxd7 1-0

[Event "POL-chT U19 2nd League"]
[Site "Borowice"]
[Date "2012.07.24"]
[Round "5"]
[White "Gladysz, Jakub"]
[Black "Tomczak, Mikolaj"]
[Result "0-1"]
[WhiteElo "1784"]
[BlackElo "1892"]
[PlyCount "74"]
[EventDate "2012.07.21"]
[EventType "team-swiss"]
[EventRounds "11"]
[EventCountry "POL"]
[SourceTitle "EXT 2014"]
[Source "ChessBase"]
[SourceDate "2013.11.20"]
[SourceVersion "1"]
[SourceVersionDate "2013.11.20"]
[SourceQuality "1"]
[WhiteTeam "Brzozow UKS SP 1 U19"]
[BlackTeam "Leszno Wieniawa U19"]
[WhiteTeamCountry "POL"]
[BlackTeamCountry "POL"]

1. d4 Nf6 2. c4 g6 3. Nc3 Bg7 4. e4 d6 5. f3 0-0 6. Be3 e5 7. Nge2 Nc6 8. d5 Ne7 9. Ng3 Nd7 10. Bd3 b6 11. Qd2 f5 12. exf5 gxf5 13. Bg5 Nc5 14. 0-0-0 Bd7 15. Nh5 Rf7 16. Qc2 Qe8 17. Nxg7 Rxg7 18. h4 Qf7 19. Bxe7 Nxd3+ 20. Qxd3 Qxe7 21. Rdg1 Kh8 22. Qe2 Rf8 23. Nd1 f4 24. Nf2 Rfg8 25. Ne4 Bf5 26. Rh2 Bxe4 27. Qxe4 Qf6 28. Kd2 Rg3 29. Ke2 Qg7 30. Kf2 Rxf3+ 31. Kxf3 Qg3+ 32. Ke2 Qxh2 33. Qf5 Qxh4 34. Kd2 Qf2+ 35. Kc3 Rg3+ 36. Kb4 Qxb2+ 37. Ka4 Ra3# 0-1

[Event "POL-chT U19 2nd League"]
[Site "Borowice"]
[Date "2012.07.21"]
[Round "1"]
[White "Madrawski, Krzysztof"]
[Black "Gladysz, Jakub"]
[Result "1-0"]
[WhiteElo "1599"]
[BlackElo "1784"]
[PlyCount "107"]
[EventDate "2012.07.21"]
[EventType "team-swiss"]
[EventRounds "11"]
[EventCountry "POL"]
[SourceTitle "EXT 2014"]
[Source "ChessBase"]
[SourceDate "2013.11.20"]
[SourceVersion "1"]
[SourceVersionDate "2013.11.20"]
[SourceQuality "1"]
[WhiteTeam "Zary ZKSz U19"]
[BlackTeam "Brzozow UKS SP 1 U19"]
[WhiteTeamCountry "POL"]
[BlackTeamCountry "POL"]

1. e4 c5 2. Nf3 e6 3. d4 cxd4 4. Nxd4 a6 5. c4 Nf6 6. Bd3 Bb4+ 7. Bd2 Bxd2+ 8. Qxd2 d6 9. Nc3 Qc7 10. 0-0 0-0 11. Kh1 Nbd7 12. f4 b6 13. Rae1 Bb7 14. Qe2 Nc5 15. Bc2 Rac8 16. e5 Ne8 17. Qh5 g6 18. Qh6 Nd7 19. b3 Qc5 20. Nf3 Bxf3 21. Rxf3 dxe5 22. Rh3 Nef6 23. Ne4 Qb4 24. Rf1 exf4 25. Ng5 Rc5 26. Nxh7 Rh5 27. Rxh5 Nxh5 28. Nxf8 Nxf8 29. Bd1 Qd2 30. Bxh5 gxh5 31. Qxf4 Qd7 32. Qg5+ Ng6 33. Qxh5 Qd4 34. Rd1 Qe3 35. Qf3 Qg5 36. h3 Ne5 37. Qa8+ Kg7 38. Qd8 Qg3 39. Qd4 Kg8 40. Rf1 Qg7 41. Qxb6 Qg5 42. Qd4 Ng6 43. Qf6 Qxf6 44. Rxf6 Kg7 45. Rf1 Ne5 46. c5 Kf8 47. Rd1 Ke7 48. a4 a5 49. Kg1 f5 50. Rd6 Nd7 51. Rc6 e5 52. Rc7 Kd8 53. Rxd7+ Kxd7 54. h4 1-0

[Event "Krakow op-B 22nd"]
[Site "Krakow"]
[Date "2011.12.27"]
[Round "1"]
[White "Puczylowski, Marcin"]
[Black "Gladysz, Jakub"]
[Result "0-1"]
[WhiteElo "2001"]
[BlackElo "1793"]
[PlyCount "110"]
[EventDate "2011.12.27"]
[EventType "swiss"]
[EventRounds "9"]
[EventCountry "POL"]
[SourceTitle "CBM 146 Extra"]
[Source "ChessBase"]
[SourceDate "2012.02.29"]
[SourceVersion "1"]
[SourceVersionDate "2012.02.29"]
[SourceQuality "1"]

1. e4 c5 2. Nf3 e6 3. c3 d5 4. exd5 exd5 5. d4 Nf6 6. Bd3 Be7 7. 0-0 0-0 8. Be3 b6 9. Nbd2 Nc6 10. Re1 Qc7 11. Nf1 Be6 12. Ng3 Bd6 13. Rc1 h6 14. Nh4 Bf4 15. Qd2 Bxe3 16. Qxe3 Ng4 17. Qf3 Nf6 18. Nhf5 Qd8 19. Re3 Rc8 20. dxc5 bxc5 21. Nxh6+ gxh6 22. Nh5 Nxh5 23. Qxh5 Kg7 24. Rxe6 Qg5 25. Qxg5+ hxg5 26. Rd6 Rfd8 27. Rxd8 Rxd8 28. g3 c4 29. Bf1 f5 30. Rd1 g4 31. Kg2 Ne5 32. Be2 Kf6 33. h3 Ke6 34. hxg4 fxg4 35. Rd4 Rb8 36. Bxg4+ Nxg4 37. Rxg4 Rxb2 38. Rg6+ Ke5 39. Ra6 d4 40. cxd4+ Kxd4 41. Rxa7 c3 42. Rd7+ Ke4 43. Rc7 Kd3 44. g4 Rb4 45. Kf3 c2 46. Rxc2 Kxc2 47. a3 Rd4 48. Ke3 Rxg4 49. f4 Kc3 50. Ke4 Kc4 51. Ke5 Kc5 52. f5 Kc6 53. Ke6 Re4+ 54. Kf7 Kd6 55. f6 Rf4 0-1

[Event "POL-chT U19 1st League"]
[Site "Suchedniow"]
[Date "2010.07.11"]
[Round "6"]
[White "Gladysz, Jakub"]
[Black "Oszczanowski, Witold"]
[Result "1/2-1/2"]
[WhiteElo "1652"]
[BlackElo "1728"]
[PlyCount "96"]
[EventDate "2010.07.06"]
[EventType "team-tourn"]
[EventRounds "9"]
[EventCountry "POL"]
[SourceTitle "EXT 2019"]
[Source "ChessBase"]
[SourceDate "2018.10.10"]
[SourceVersion "1"]
[SourceVersionDate "2018.10.10"]
[SourceQuality "1"]
[WhiteTeam "Brzozow LKS Brzozowia MOSiR U19"]
[BlackTeam "Wroclaw MUKS MDK Srodmiescie U19"]
[WhiteTeamCountry "POL"]
[BlackTeamCountry "POL"]

1. d4 Nf6 2. c4 c5 3. d5 b5 4. cxb5 a6 5. Nc3 axb5 6. Nxb5 Ba6 7. Nc3 d6 8. g3 g6 9. Bg2 Bg7 10. Nf3 0-0 11. 0-0 Nbd7 12. Re1 Qa5 13. Bd2 Rfb8 14. Qc2 Ng4 15. Rab1 Nge5 16. Nxe5 Nxe5 17. b3 Ra7 18. Ne4 Qc7 19. Bc3 Bb7 20. Nd2 Rba8 21. Rb2 Ba6 22. f4 Nd7 23. Bxg7 Kxg7 24. e4 Rd8 25. Qc3+ Kg8 26. Nc4 Bb7 27. Ne3 f6 28. Ng4 Qa5 29. Qe3 Qb4 30. Rbe2 Ba6 31. Rd2 Bb7 32. f5 Nf8 33. fxg6 hxg6 34. Rf1 Bc8 35. Bh3 Bxg4 36. Bxg4 Kg7 37. Qe2 Rda8 38. Bf3 Rd8 39. Rf2 Nd7 40. Qd1 Ne5 41. Kg2 Rda8 42. Qe2 Ra3 43. Rc2 Qd4 44. Rd2 Qc3 45. Rc2 Qb4 46. Rb2 R8a5 47. Rc2 Qd4 48. Rd2 Qa1 1/2-1/2

[Event "POL-ch U12"]
[Site "Leba"]
[Date "2009.03.14"]
[Round "1"]
[White "Gladysz, Jakub"]
[Black "Czajkowski, Adam"]
[Result "1/2-1/2"]
[WhiteElo "1547"]
[BlackElo "1756"]
[PlyCount "60"]
[EventDate "2009.03.14"]
[EventType "swiss"]
[EventRounds "11"]
[EventCountry "POL"]
[SourceTitle "EXT 2010"]
[Source "ChessBase"]
[SourceDate "2010.11.25"]
[SourceVersion "1"]
[SourceVersionDate "2010.11.25"]
[SourceQuality "1"]

1. d4 d5 2. c4 e6 3. Nc3 Nf6 4. Bg5 Be7 5. Nf3 h6 6. Bxf6 Bxf6 7. e3 0-0 8. Bd3 a6 9. c5 b6 10. cxb6 cxb6 11. 0-0 Nc6 12. a3 Bd7 13. Rc1 Qc7 14. Qe2 Rfc8 15. Bxa6 Rcb8 16. Bd3 Rc8 17. Nb5 Qd8 18. h3 Na5 19. Nd2 Rc6 20. Rxc6 Bxc6 21. Rc1 Qd7 22. Nc3 Rc8 23. Rb1 Ba4 24. Nxa4 Qxa4 25. Nf3 Qb3 26. Ne1 Nc4 27. Bc2 Qb5 28. Qd3 Qc6 29. Bb3 b5 30. Bxc4 dxc4 1/2-1/2